Catálogo

Vista normal Vista MARC

Entrada Personal Name

Número de registros utilizados en: 1

001 - CONTROL NUMBER

  • control field: 3088

003 - CONTROL NUMBER IDENTIFIER

  • control field: Mx-PuUPA

005 - DATE AND TIME OF LATEST TRANSACTION

  • control field: 20260415160722.0

008 - FIXED-LENGTH DATA ELEMENTS

  • fixed length control field: 161207 a|ac|n|aab||||||||||||a |n|||||||

040 ## - CATALOGING SOURCE

  • Original cataloging agency: Mx-PuUPA
  • Transcribing agency: Mx-PuUPA
  • Language of cataloging: spa
  • Modifying agency: Mx-PuUPA
  • Description conventions: rda

100 1# - HEADING--PERSONAL NAME

  • Personal name: Pérez Torres, Dulce María Judith,

374 ## - OCCUPATION

  • Occupation: Autor

375 ## - GENDER

  • Gender: mujer

377 ## - ASSOCIATED LANGUAGE

  • Language code: spa

400 1# - SEE FROM TRACING--PERSONAL NAME

  • Personal name: Torres, Dulce María Judith Pérez

670 ## - SOURCE DATA FOUND

  • Source citation: Del imaginario social a la fe : Guadalupe,
  • Information found: t.p. (Dulce María Judith Pérez Torres) portada